000 00434nam a22001457a 4500
999 _c41290
_d41290
003 OSt
005 20210413124235.0
008 210413b ||||| |||| 00| 0 eng d
040 _coclc
082 _a340
_bALI/M
245 _aManushyavakasha pravarthakarku oru kaipusthakam/
_cAdv. M M Aliyar
260 _aKozhikode:
_bJama'at e islami hind,
300 _a94 pages
942 _2ddc
_cBK
_h340
_iALI/M
_k340
_mALI/M